Statistiken für Größte Stadt nach Land

Klicken Sie hier um das Quiz zu spielen!

Allgemein

  • Dieses Quiz wurde 1.313 mal gespielt
  • Das Durchschnittsergebnis liegt bei 96 aus 196

Antwortstatistiken

LandBevölkerungStadt% Korrekt
Japan34.8 Mio.Tokio
99%
Russland16.5 Mio.Moskau
94%
Vereinigtes Königreich15.5 Mio.London
93%
Frankreich10.7 Mio.Paris
93%
Deutschland4.33 Mio.Berlin
92%
Mexiko23.8 Mio.Mexiko-Stadt
92%
Vereinigte Staaten21.6 Mio.New York City
92%
Türkei13.8 Mio.Istanbul
90%
Ägypten16.1 Mio.Kairo
90%
Südkorea25.8 Mio.Seoul
90%
Spanien5.40 Mio.Madrid
89%
Griechenland3.60 Mio.Athen
85%
Australien4.63 Mio.Sydney
85%
Argentinien14.5 Mio.Buenos Aires
84%
Ukraine3.33 Mio.Kiew
84%
Italien4.98 Mio.Mailand
83%
Österreich2.08 Mio.Wien
83%
Ungarn2.52 Mio.Budapest
81%
Dänemark1.49 Mio.Kopenhagen
81%
Portugal2.58 Mio.Lissabon
81%
Tschechien1.43 Mio.Prag
81%
Singapur6.75 Mio.Singapur
81%
Schweden2.15 Mio.Stockholm
81%
Polen2.25 Mio.Warschau
81%
Thailand14.5 Mio.Bangkok
80%
Belgien1.99 Mio.Brüssel
80%
Indonesien26.4 Mio.Jakarta
80%
Brasilien21.5 Mio.São Paulo
80%
Südafrika8.55 Mio.Johannesburg
79%
Norwegen952 Tsd.Oslo
79%
Peru9.65 Mio.Lima
78%
Rumänien2.18 Mio.Bukarest
77%
Irland1.30 Mio.Dublin
77%
Finnland1.18 Mio.Helsinki
77%
Iran13.2 Mio.Teheran
77%
Schweiz1.23 Mio.Zürich
77%
Niederlande3.08 Mio.Rotterdam
76%
Irak6.50 Mio.Bagdad
75%
Indien24.0 Mio.Delhi
75%
Weißrussland1.92 Mio.Minsk
75%
Bulgarien1.31 Mio.Sofia
75%
Kanada5.95 Mio.Toronto
75%
Kolumbien9.35 Mio.Bogotá
74%
Lettland1.02 Mio.Riga
73%
Chile6.80 Mio.Santiago de Chile
73%
Algerien3.43 Mio.Algier
72%
Philippinen22.2 Mio.Manila
72%
Vereinigte
Arabische Emirate
1.80 Mio.Dubai
71%
Saudi-Arabien6.15 Mio.Riad
71%
Tunesien2.45 Mio.Tunis
71%
Kroatien688 Tsd.Zagreb
71%
Luxemburg94 Tsd.Luxemburg
70%
Taiwan8.95 Mio.Taipeh
69%
Serbien1.39 Mio.Belgrad
68%
Vatikanstadt839Vatikanstadt
68%
Syrien3.53 Mio.Damaskus
67%
Estland542 Tsd.Tallinn
67%
Kuba2.20 Mio.Havanna
66%
Afghanistan3.40 Mio.Kabul
65%
Malaysia6.70 Mio.Kuala Lumpur
65%
Litauen807 Tsd.Vilnius
65%
Nordkorea2.78 Mio.Pjöngjang
64%
Kuwait3.85 Mio.Kuwait-Stadt
63%
Monaco36 Tsd.Monaco
63%
Kenia4.83 Mio.Nairobi
63%
Venezuela3.55 Mio.Caracas
62%
Marokko4.15 Mio.Casablanca
62%
Island209 Tsd.Reykjavík
62%
Aserbaidschan2.38 Mio.Baku
61%
Bangladesch16.3 Mio.Dhaka
61%
Nigeria13.2 Mio.Lagos
61%
Panama1.13 Mio.Panama-Stadt
61%
Bosnien & Herzegowina369 Tsd.Sarajevo
61%
Äthiopien3.75 Mio.Addis Abeba
60%
Slowakei586 Tsd.Bratislava
60%
Uruguay1.78 Mio.Montevideo
60%
Albanien421 Tsd.Tirana
60%
Senegal2.90 Mio.Dakar
59%
Dem. Rep. Kongo9.95 Mio.Kinshasa
59%
Slowenien275 Tsd.Ljubljana
59%
Israel2.42 Mio.Tel Aviv
59%
Katar1.83 Mio.Doha
58%
Guatemala2.90 Mio.Guatemala-
Stadt
57%
Ghana4.30 Mio.Accra
56%
Vietnam8.20 Mio.Ho-Chi-Minh-Stadt
56%
El Salvador1.86 Mio.San Salvador
56%
Zypern310 Tsd.Nikosia
55%
Neuseeland1.43 Mio.Auckland
54%
Libanon1.33 Mio.Beirut
54%
Jamaika938 Tsd.Kingston
53%
St. Vincent &
die Grenadinen
40 Tsd.Kingstown
53%
Mazedonien668 Tsd.Skopje
53%
Georgien1.31 Mio.Tiflis
53%
Mongolei1.21 Mio.Ulaanbaatar
53%
Moldawien801 Tsd.Chișinău
52%
Angola6.20 Mio.Luanda
52%
Jordanien3.23 Mio.Amman
51%
China31.7 Mio.Guangzhou
51%
Nepal2.70 Mio.Kathmandu
51%
Kosovo465 Tsd.Priština
51%
Paraguay2.40 Mio.Asunción
48%
Bolivien2.10 Mio.La Paz
48%
Sri Lanka4.58 Mio.Colombo
47%
Haiti2.68 Mio.Port-au-Prince
47%
Libyen1.29 Mio.Tripolis
47%
Somalia1.65 Mio.Mogadischu
46%
Andorra64 Tsd.Andorra la
Vella
45%
Madagaskar2.28 Mio.Antananarivo
45%
Dschibuti624 Tsd.Dschibuti
44%
Sudan5.30 Mio.Khartum
44%
Jemen2.30 Mio.Sana’a
44%
Dominikanische Republik3.48 Mio.Santo Domingo
43%
Usbekistan2.58 Mio.Taschkent
43%
Namibia323 Tsd.Windhoek
43%
Armenien1.18 Mio.Jerewan
42%
Pakistan22.7 Mio.Karatschi
42%
Montenegro186 Tsd.Podgorica
42%
Costa Rica1.79 Mio.San José
42%
Republik Kongo1.77 Mio.Brazzaville
41%
Sierra Leone1.35 Mio.Freetown
41%
Tansania4.83 Mio.Daressalaam
40%
Malediven105 Tsd.Malé
40%
Kambodscha1.67 Mio.Phnom Penh
40%
Bahrain1.40 Mio.Manama
38%
Uganda2.28 Mio.Kampala
37%
Bahamas249 Tsd.Nassau
37%
Mali2.65 Mio.Bamako
35%
Guinea-Bissau396 Tsd.Bissau
35%
Togo1.61 Mio.Lomé
35%
Simbabwe2.30 Mio.Harare
34%
Kirgisistan874 Tsd.Bischkek
33%
Oman735 Tsd.Maskat
33%
Guyana750 Tsd.Georgetown
32%
Sambia2.10 Mio.Lusaka
32%
Nicaragua1.27 Mio.Managua
32%
Mosambik2.08 Mio.Maputo
32%
Turkmenistan1.09 Mio.Aşgabat
31%
Burkina Faso1.97 Mio.Ouagadougou
31%
Papua-Neuguinea308 Tsd.Port Moresby
31%
Honduras1.09 Mio.Tegucigalpa
31%
Ruanda1.19 Mio.Kigali
30%
Liberia1.26 Mio.Monrovia
30%
Guinea1.82 Mio.Conakry
29%
Osttimor234 Tsd.Dili
29%
Tadschikistan679 Tsd.Duschanbe
29%
Gabun578 Tsd.Libreville
29%
Laos783 Tsd.Vientiane
29%
Niger1.10 Mio.Niamey
28%
Elfenbeinküste4.80 Mio.Abidjan
27%
Südsudan372 Tsd.Juba
27%
São Tome & Príncipe56 Tsd.São Tomé
27%
Eritrea649 Tsd.Asmara
26%
Tschad1.20 Mio.N'Djamena
26%
Kasachstan1.69 Mio.Almaty
25%
Botsuana422 Tsd.Gaborone
25%
Malawi979 Tsd.Lilongwe
25%
Suriname241 Tsd.Paramaribo
24%
Seychellen25 Tsd.Victoria
24%
Zentralafrikanische Rep.1.01 Mio.Bangui
23%
Mauretanien899 Tsd.Nouakchott
23%
Myanmar5.15 Mio.Yangon
23%
Brunei277 Tsd.Bandar Seri
Begawan
22%
Fidschi175 Tsd.Suva
22%
Kap Verde130 Tsd.Praia
21%
Bhutan79 Tsd.Thimphu
21%
Mauritius148 Tsd.Port Louis
20%
Barbados110 Tsd.Bridgetown
19%
Lesotho228 Tsd.Maseru
18%
Swasiland95 Tsd.Mbabane
18%
Grenada34 Tsd.St. George's
17%
Antigua & Barbuda43 Tsd.St. John's
17%
Samoa38 Tsd.Apia
16%
Komoren54 Tsd.Moroni
16%
Tuvalu4.5 Tsd.Funafuti
15%
Dominica17 Tsd.Roseau
15%
Nauru1.1 Tsd.Yaren
15%
St. Lucia70 Tsd.Castries
14%
Ecuador2.68 Mio.Guayaquil
13%
Salomonen65 Tsd.Honiara
13%
Vanuatu44 Tsd.Port Vila
13%
Liechtenstein5.7 Tsd.Schaan
13%
St. Kitts & Nevis16 Tsd.Basseterre
12%
Burundi800 Tsd.Bujumbura
12%
Kamerun2.63 Mio.Douala
12%
Tonga25 Tsd.Nukuʻalofa
12%
Kiribati59 Tsd.South Tarawa
12%
Belize68 Tsd.Belize City
10%
Benin1.30 Mio.Cotonou
10%
Marshallinseln30 Tsd.Majuro
10%
San Marino7.0 Tsd.Dogana
3%
Äquatorialguinea251 Tsd.Bata
2%
Malta22 Tsd.Birkirkara
2%
Palau11 Tsd.Koror
2%
Gambia336 Tsd.Serekunda
2%
Föd. Staaten
von Mikronesien
14 Tsd.Weno
2%
Trinidad & Tobago84 Tsd.Chaguanas
1%

Verteilung der Resultate

Perzentil nach korrekt beantworteten Fragen

Anzahl Personen mit jedem Resultat

Ihre Resultats-Entwicklung

Sie haben dieses Quiz noch nicht gespielt